LEADER 01210nam a2200289 a 4500 001 000000143561 003 CaOOAMICUS 005 20150526093755.0 008 150526s1968 it u000 u ita r 040 $aPUL$bita 041 1 $aita$hger 100 1 $aJung, C. G.$q(Carl Gustav),$d1875-1961.$0(OLS)http://pul/name/441 240 10$aUber die Psychologie des Unbewussten.$lItaliano.$0(OLS)http://pul/title/181648 245 10$aPsicologia dell'inconscio /$cCarl Gustav Jung ; introduzione di Mario Trevi. 260 $aTorino :$bBoringhieri,$c1968. 300 $a185 p. ;$c19 cm 490 1 $aUniversale scientifica ;$v28 650 4$aInconscio.$0(OLS)http://pul/subject/11948 700 1 $aTrevi, Mario,$d1924-$0(OLS)http://pul/name/15254 830 0$aUniversale scientifica ;$v28.$0(OLS)http://pul/title/545 850 $aPUL 852 $aPUL$W1$xDP1 Fondo S. Lanza$y121$m2 A 53$j155975$qFondi$B165980$CPULBib$Z2$F165980 $HLan785 $82 941 1 $a1 961 $aNota ms. di possesso: Sergio Lanza, Como 1974. 996 $6245$aPsicologia dell'inconscio$9(OLS)http://pul/title/181647 996 $6260$aTorino :$bBoringhieri$9(OLS)http://pul/publisher/48095 LEADER 01249nam a2200265 u 4500 001 000000106737 003 CaOOAMICUS 005 20070906102201.0 008 070906s2006 it u000 u ita u 020 $a88-8333-117-6 040 $aPUL$bita$dPG 100 1 $aFabro, Cornelio,$cc.p.s.,$d1911-1995.$0(OLS)http://pul/name/634 245 12$aL'Io e l'esistenza e altri brevi scritti /$cCornelio Fabro ; a cura di A. Acerbi ; prefazione di J.J. Sanguineti ; postfazione di F. Keller. 260 $aRoma :$bEdizioni Università della Santa Croce,$cc2006. 300 $a231 p. ;$c22 cm. 650 14$aUomo (filosofia).$0(OLS)http://pul/subject/436 700 1 $aSanguineti, Juan José.$0(OLS)http://pul/name/38659 700 1 $aAcerbi, Ariberto.$0(OLS)http://pul/name/51808 700 1 $aKeller, Flavio.$0(OLS)http://pul/name/65549 850 $aPUL 852 $aPUL$W1$xSL Filosofia 3$y81$m111 FABCO 2$j120734$qDDC 21$B119941$CPULBib$Z2$F119941 $H103040 $82 941 1 $a9 996 $6020$a88-8333-117-6$9(OLS)http://pul/number/135469 996 $6245$aL'Io e l'esistenza e altri brevi scritti$9(OLS)http://pul/title/134378 996 $6260$aRoma :$bEdizioni Università della Santa Croce$9(OLS)http://pul/publisher/75853